| 000 | nam a22 a 4500 | ||
|---|---|---|---|
| 999 |
_c70907 _d70907 |
||
| 003 | BLK | ||
| 005 | 20221208122940.0 | ||
| 008 | 180408b bul|||||r ||||||| ||bul|| | ||
| 010 | _aKNG00075270000 | ||
| 020 | _a978-954-308-178-3 | ||
| 040 | _aBLK | ||
| 041 |
_aBUL _cBUL |
||
| 080 |
_aПрирода. Изучаване и опазване на природната среда. Опазване на растителния и животинския свят. Вж и 55/59 _b502 _x(100) _z502(100) |
||
| 080 |
_aВредно влияние на човешката дейност върху средата _b504.05 _z504.05 |
||
| 100 | 1 |
_aBurnie, David _eпърви автор _96492 |
|
| 139 |
_aБърни, Дейвид _bБ 93 |
||
| 245 | 1 | 0 |
_aЗастрашената планета _c* Дейвид Бърни; David Burnie; прев. Михаела Михайлова. |
| 257 | _aGBR | ||
| 260 |
_aСофия _bПрес _c2007 _fПловдив : Делта+ |
||
| 300 |
_a64 с. _bс цв. ил. _c29 см |
||
| 380 | _aDN | ||
| 490 |
_aБиблиотека Знание _v22 _9202259 |
||
| 490 |
_aKingfisher _9203602 |
||
| 500 | _aОриг. загл. Endangered Planet / David Burnie. - Съдържа и Речник ; Азбучен показалец. - Продължение на поредицата Britannica. | ||
| 590 | _aЕнциклопедия Британика | ||
| 650 | 4 |
_aОколна среда - опазване _9244652 |
|
| 650 | 4 |
_aПрирода - защита _9244653 |
|
| 650 | 4 |
_aЗемя [планета] - произход и развитие _9257323 |
|
| 650 | 4 |
_aОколна среда - замърсяване _9260338 |
|
| 653 | _aЗемя | ||
| 653 | _aоколна среда | ||
| 653 | _aопазване на околната среда | ||
| 653 | _aзамърсяване на околната среда | ||
| 653 | _aлитература за деца | ||
| 653 | _aдетска литература | ||
| 700 | 1 |
_aБърни, Дейвид _e* _9371248 |
|
| 700 | 1 |
_aМихайлова, Михаела _eпрев. _9367017 |
|
| 852 |
_aЦб ІІ 14180 _bЦб |
||
| 856 | 4 | _qpdf | |
| 856 | 4 | _qpdf | |
| 942 |
_cKNG _n0 _s1 _02 |
||
| 944 |
_aCR _c28.05.2007 _kЛюдмила_Стоянова |
||
| 944 |
_aED _c30.11.2007 |
||
| 999 | _d70907 | ||
| 999 | _d70907 | ||
| 999 | _d70907 | ||